000 00522nam a2200193Ia 4500
005 20250508151101.0
008 008 250505s9999 xx 000 0 eng d
037 _aTextual
040 _aFEDL
_beng
_cFEDL
041 _aeng
_2eng
084 _a150, OCO
_qFEDL
100 _aO'Connor William A
_9756237
245 0 _aPsychology without tears
260 _aHutchinson
_bHouse Rider and Company
_c1953
300 _a220p.
650 _aPsychology
942 _cTEXL
_h150, OCO
999 _c1327486
_d1327486